Heart break : (Record no. 34104)
[ view plain ]
| 000 -LEADER | |
|---|---|
| fixed length control field | 00673nam a22002297a 4500 |
| 008 - FIXED-LENGTH DATA ELEMENTS--GENERAL INFORMATION | |
| fixed length control field | 260123b |||||||| |||| 00| 0 eng d |
| 017 ## - LEGAL DEPOSIT NUMBER | |
| Legal deposit number | LD.4224 |
| 018 ## - LEGAL DEPOSIT YEAR | |
| LDD Year | 2025 |
| 020 ## - INTERNATIONAL STANDARD BOOK NUMBER | |
| ISBN | 9789787653654 |
| 040 ## - CATALOGING SOURCE | |
| Original cataloging agency | NLN |
| Language of cataloging | English |
| Description conventions | AACR2 |
| 100 ## - MAIN ENTRY--AUTHOR | |
| Author | HAMMASHI, Mela |
| Relator term | aut |
| 245 ## - TITLE STATEMENT | |
| Title | Heart break : |
| Remainder of title | the experience of a broken heart / |
| Statement of responsibility, etc | Mela Hammashi |
| 260 ## - PUBLICATION, DISTRIBUTION, ETC. (IMPRINT) | |
| Place of publication | [S.l] : |
| Name of publisher | Daveco Prints and Publishers, |
| Date of publication | 2024 |
| 300 ## - COLLATION | |
| Pagination | xiii, 147p. : |
| Other physical details | ill, ports ; 21cm |
| 563 ## - BINDING INFORMATION | |
| Binding note | (pbk) |
| 650 ## - TRACINGS | |
| Main Subject | Grief |
| Subdivision (1st) | Religious aspects |
| Subdivision (2nd) | Christianity |
| 650 ## - TRACINGS | |
| Main Subject | Grief |
| 942 ## - ADDED ENTRY ELEMENTS (KOHA) | |
| Item type | Books |
| Suppress in OPAC | No |
| 050 ## - LIBRARY OF CONGRESS CALL NUMBER | |
| Classification number | BV4905.3 |
| Item number | .H224 |
| 082 ## - DEWEY DECIMAL CLASSIFICATION NUMBER | |
| Classification number | 248.866 |
| Source of classification or shelving scheme | Not for loan | Home library | Current library | Date acquired | Mode of acquisition | Accession No. | Full call number | Barcode. | Copy number | Koha item type |
|---|---|---|---|---|---|---|---|---|---|---|
| Library of Congress Classification | IBADAN BRANCH LIBRARY | National Library of Nigeria | 22/01/2026 | Legal deposit | 451985 | BV4905.3 .H224 | 451985 | 1 | Books | |
| Library of Congress Classification | LOKOJA BRANCH | National Library of Nigeria | 22/01/2026 | Legal deposit | 451987 | BV4905.3 .H224 | 451987 | 1 | Books | |
| Library of Congress Classification | MAIDUGURI BRANCH | National Library of Nigeria | 22/01/2026 | Legal deposit | 451986 | BV4905.3 .H224 | 451986 | 1 | Books |
